Services écosystémiques et Protection des Sols : Analyses Juridiques et éclairages Agronomiques.

Bibliographic Details
Main Author: Hermon, Carole.
Format: eBook
Language:French
Published: Versailles : Quae, 2018.
Series:Update Sciences and Technologies Series
Subjects:
Online Access:Click to View
LEADER 03295nam a22003613i 4500
001 EBC6733971
003 MiAaPQ
005 20231204023218.0
006 m o d |
007 cr cnu||||||||
008 231204s2018 xx o ||||0 fre d
020 |a 9791097143022  |q (electronic bk.) 
035 |a (MiAaPQ)EBC6733971 
035 |a (Au-PeEL)EBL6733971 
035 |a (OCoLC)1154857687 
040 |a MiAaPQ  |b eng  |e rda  |e pn  |c MiAaPQ  |d MiAaPQ 
100 1 |a Hermon, Carole. 
245 1 0 |a Services écosystémiques et Protection des Sols :  |b Analyses Juridiques et éclairages Agronomiques. 
264 1 |a Versailles :  |b Quae,  |c 2018. 
264 4 |c {copy}2023. 
300 |a 1 online resource (329 pages) 
336 |a text  |b txt  |2 rdacontent 
337 |a computer  |b c  |2 rdamedia 
338 |a online resource  |b cr  |2 rdacarrier 
490 1 |a Update Sciences and Technologies Series 
505 0 |a Intro -- TABLE DES MATIÈRES -- SERVICES ÉCOSYSTEMIQUES ET PROTECTION DES SOLS. ANALYSES JURIDIQUES ET ÉCLAIRAGES AGRONOMIQUES -- Avant-propos -- PROPOS INTRODUCTIFS -- Protection des sols et services écosystémiques.La nécessité d'une reconsidération épistémologique -- La protection du sol en droit -- Le sol agricole, une ressource indispensable négligée -- Propriété et protection des sols. Réflexions civilistes sur la prise en compte de la qualité des sols -- PROPOSITIONS POUR UNE PROTECTION DES SOLS EN DROIT -- L'intégration de la notion de serviceécosystémique en droit -- Brève histoire de l'intégration de la notion de service écosystémique en droit -- Les « services écosystémiques », une notion fonctionnelle -- La qualification juridique des services écosystémiques -- Les services écosystémiques rendus par les sols du point de vue de l'agronomie -- Agriculture de conservation des sols et services écosystémiques -- La notion de service écosystémique peut-elle fonder un nouveau régime de protection ? -- Service écosystémique et financements publics -- La dépense publique en matière environnementale : l'exemple de la protection des sols -- Service écosystémique et droit des contrats -- Services écosystémiques et contrat. Quelle obligation contractuelle environnementale ? -- Compensation et services écosystémiques -- La commande publique de compensation environnementale : un impensé de la loi Biodiversité -- Travail du sol, services écosystémiques, et bail rural -- Service écosystémique et droit de la responsabilité -- L'incidence des services écosystémiques en droit de la responsabilité civile -- ANNEXES -- GLOSSAIRE GÉNÉRAL -- BIBLIOGRAPHIE. 
588 |a Description based on publisher supplied metadata and other sources. 
590 |a Electronic reproduction. Ann Arbor, Michigan : ProQuest Ebook Central, 2023. Available via World Wide Web. Access may be limited to ProQuest Ebook Central affiliated libraries.  
655 4 |a Electronic books. 
776 0 8 |i Print version:  |a Hermon, Carole  |t Services écosystémiques et Protection des Sols  |d Versailles : Quae,c2018 
797 2 |a ProQuest (Firm) 
830 0 |a Update Sciences and Technologies Series 
856 4 0 |u https://ebookcentral.proquest.com/lib/matrademy/detail.action?docID=6733971  |z Click to View